[Event "12th KIIT International 2019"]
[Site "Odisha"]
[Date "2019.06.03"]
[Round "5.2"]
[White "Khusenkhojaev, Muhammad"]
[Black "Iturrizaga Bonelli, Eduardo"]
[Result "0-1"]
[WhiteElo "2446"]
[BlackElo "2637"]
[Annotator "TA"]
[PlyCount "137"]
[EventDate "2019.05.31"]
[EventType "swiss"]
[EventCountry "IND"]
[SourceTitle "playchess.com"]
[Source "ChessBase"]
[SourceQuality "1"]

{[%evp 11,137,36,41,43,73,70,120,116,102,101,102,94,108,100,115,118,91,-16,-11,-15,-14,-28,-24,-39,-30,-80,-60,-63,-56,-66,-41,-43,-43,-39,-26,-38,-33,-38,-44,-44,-42,-44,-33,-33,-38,-81,-84,-75,-74,-84,-74,-80,-68,-73,-66,-106,-81,-114,-114,-114,-112,-106,-108,-109,-110,-110,-114,-114,-114,-100,-108,-89,-102,-120,-43,-48,-44,-59,-26,-40,-14,-15,-17,-22,-8,-8,-8,-8,-8,-8,-8,-8,-8,-8,-8,-8,-8,-8,-8,-8,0,-8,-8,-8,-8,-14,-14,-29,-29,-44,-44,-1085,-1037,-1161,-1154,-1077,-1077,-1077,-1077,-1045,-1045,-986,-971,-971,-795,-606,-598,-598]} 1. Nf3 c5 2. c4 g6 3. d4 cxd4 4. Nxd4 Bg7 5. e4 Qb6 6. Nb3 Nc6 7. Be2 {A40: Unusual replies to 1 d4} (7. Nc3 Bxc3+ 8. bxc3 d6 9. Be3 Qc7 10. c5 dxc5 11. Bxc5 Nf6 12. f3 O-O 13. Bf2 Rd8 14. Qc1 Ne5 {0-1 (34) Silva,L (2360)-Iturrizaga Bonelli,E (2652) Maia 2018}) 7... a5 8. O-O a4 $146 ({Predecessor:} 8... Qc7 9. Nc3 a4 10. Nd5 Qb8 11. Nc5 a3 12. Rb1 d6 13. Nb3 Nf6 14. Nb6 Ra7 {0-1 (31) Kulumbekov,G-Bondarev,B (2145) Krasnodar 2001}) 9. Be3 {White is better.} Qd8 10. Nd4 Nf6 11. Nc3 O-O 12. Ndb5 d6 13. f3 Qa5 14. b3 (14. Rc1 $16) 14... Ng4 $1 $11 {[%cal Rg4e3]} 15. fxg4 {Rc1 is the strong threat.} Bxc3 16. Nxc3 Qxc3 17. Bh6 Re8 18. Bf3 axb3 19. axb3 Be6 20. Rc1 Qe5 21. Qd2 Ra3 22. Rb1 Rea8 23. Bf4 Qd4+ 24. Qxd4 Nxd4 25. Bd1 Ra2 26. Rf2 Ra1 27. Rfb2 $1 R8a2 28. Rxa2 Rxb1 29. Bh6 {Ra8+ would kill now.} Rxd1+ 30. Kf2 {Threatening mate with Ra8+.} f6 31. Ra8+ {[#]} Bc8 $1 {[%mdl 512]} 32. Rxc8+ $15 {[%mdl 4096] Endgame KRB-KRN} Kf7 33. Rf8+ Ke6 34. Rh8 g5 35. Rxh7 Rb1 (35... Nxb3 $6 36. Bf8 $11) 36. h4 gxh4 37. g5 Rb2+ ({Much weaker is} 37... Rxb3 $6 38. g6 $11) 38. Kf1 fxg5 ({Wrong is} 38... Nxb3 $2 39. g6 $18) 39. Bxg5 {[%csl Gg5][%cal Rh7e7][%mdl 64] Double Attack} Rb1+ 40. Kf2 {[%csl Gg5][%cal Rh7e7] [#]} Nc6 $1 41. e5 Rb2+ ({Reject} 41... Kxe5 $6 42. Bxe7 Rb2+ 43. Kf1 $11) 42. Ke3 Kxe5 ({Black should play} 42... dxe5 $17 43. Ke4 Rxb3 44. Rh6+ Kd7) 43. Bxe7 Rxb3+ 44. Kf2 Rb2+ 45. Kf1 Nxe7 (45... d5 $5 {[%cal Rc6e7]} 46. Rh5+ Ke4 47. Rxh4+ Kd3 $15) 46. Rxe7+ {KR-KR} Kd4 47. Rh7 Kxc4 (47... Ke3 {feels hotter.} 48. Kg1 b5 49. cxb5 Rxb5 50. Rxh4 d5) 48. Rxh4+ Kc5 {Black wants to play ...b5.} 49. g4 Rb4 {Threatening ...d5.} 50. Rh5+ d5 51. g5 b5 {[%cal Bb7b5,Bb5b4,Bb4b3][%mdl 32] Hoping for ...Rg4.} 52. Rh8 Rg4 53. Rg8 $1 b4 54. Ke2 b3 {Threatens to win with ...b2.} 55. Kd2 Kd4 {Strongly threatening ...Rg1!} 56. g6 {[#]} Rg1 $1 {( -> ...b2)} 57. Rb8 $1 Kc4 58. Rc8+ $1 Kb4 59. Rb8+ Ka3 60. Ra8+ Kb2 61. Rg8 $2 {[%mdl 8192]} (61. Ra6 $15) 61... Kb1 $19 {Black is clearly winning.} 62. g7 b2 63. Ke2 Rg2+ 64. Kd3 Rg4 65. Kd2 Rd4+ 66. Kc3 {[#]} Rc4+ $1 67. Kd2 Rc7 68. Kd1 Ra7 {aiming for ...Ka2.} 69. Kd2 {Accuracy: White = 56%, Black = 75%.} 0-1

[Event "12th KIIT International 2019"]
[Site "Odisha"]
[Date "2019.06.03"]
[Round "5.3"]
[White "Turov, Maxim"]
[Black "Ajay Krishna, S."]
[Result "*"]
[WhiteElo "2579"]
[BlackElo "2335"]
[Annotator "RC"]
[PlyCount "105"]
[EventDate "2019.05.31"]
[EventType "swiss"]
[EventCountry "IND"]
[SourceTitle "playchess.com"]
[Source "ChessBase"]
[SourceQuality "1"]
[TimeControl "5400+30"]

1. d4 {[%emt 0:00:00]} Nf6 {[%emt 0:00:25]} 2. c4 {[%emt 0:00:00]} c5 {[%emt 0:00:10]} 3. d5 {[%emt 0:00:52]} b5 {[%emt 0:02:17]} 4. cxb5 {[%emt 0:00:27]} a6 {[%emt 0:00:09]} 5. e3 {[%emt 0:00:06]} e6 {[%emt 0:00:08]} 6. Nc3 {[%emt 0:00:27]} exd5 {[%emt 0:00:39]} 7. Nxd5 {[%emt 0:00:13]} Bb7 {[%emt 0:01:12]} 8. Nxf6+ {[%emt 0:00:09]} Qxf6 {[%emt 0:00:03]} 9. Nf3 {[%emt 0:00:18]} Be7 {[%emt 0:00:27]} 10. Bc4 {[%emt 0:02:26]} axb5 {[%emt 0:00:47]} 11. Bxb5 {[%emt 0:00:10]} O-O {[%emt 0:00:41]} 12. O-O {[%emt 0:00:13]} d5 {[%emt 0:00:55]} 13. Qc2 {[%emt 0:00:42]} Na6 {[%emt 0:05:18]} 14. Bd2 {[%emt 0:01:26]} h6 {[%emt 0:14:47]} 15. Rfe1 {[%emt 0:05:36]} Qb6 {[%emt 0:13:14]} 16. a4 {[%emt 0:02:34]} Bf6 {[%emt 0:02:34]} 17. Rac1 {[%emt 0:03:19]} Rfc8 {[%emt 0:06:19]} 18. b3 {[%emt 0:02:31]} Nb4 {[%emt 0:06:41]} 19. Bxb4 {[%emt 0:06:54]} cxb4 {[%emt 0:00:04]} 20. Qd3 {[%emt 0:00:28]} Bc3 {[%emt 0:03:54]} 21. Re2 {[%emt 0:09:25]} d4 {[%emt 0:07:56]} 22. exd4 {[%emt 0:08:08]} Bxd4 {[%emt 0:00:49]} 23. Rxc8+ {[%emt 0:00:32]} Rxc8 {[%emt 0:00:02]} 24. Bc4 {[%emt 0:00:34]} Bxf3 {[%emt 0:07:07]} 25. Qxf3 {[%emt 0:00:40]} Bf6 {[%emt 0:01:52]} 26. Qd5 {[%emt 0:04:21]} Qc7 {[%emt 0:00:38]} 27. g3 {[%emt 0:02:57]} g6 {[%emt 0:02:30]} 28. Qd2 {[%emt 0:00:45]} h5 {[%emt 0:05:10]} 29. Qh6 {[%emt 0:05:07]} Bg7 {[%emt 0:00:50]} 30. Qg5 {[%emt 0:00:07]} Qd6 {[%emt 0:08:53]} 31. Qe7 {[%emt 0:00:35]} Qd1+ {[%emt 0:00:48]} 32. Re1 {[%emt 0:04:45]} Qf3 {[%emt 0:00:05]} 33. Re3 {[%emt 0:03:19]} Qd1+ {[%emt 0:02:59]} 34. Kg2 {[%emt 0:01:39]} Rxc4 {[%emt 0:00:11]} 35. bxc4 {[%emt 0:00:34]} b3 {[%emt 0:00:05]} 36. Re1 {[%emt 0:03:59]} Qd2 {[%emt 0:02:58]} 37. Qe3 {[%emt 0:03:30]} Qb4 {[%emt 0:00:48]} 38. Rb1 {[%emt 0:01:02]} b2 {[%emt 0:00:46]} 39. Qe8+ {[%emt 0:00:51]} Kh7 {[%emt 0:02:59]} 40. Qxf7 {[%emt 0:00:07]} Qb3 {[%emt 0:00:32]} 41. a5 {[%emt 0:12:17]} Qc2 {[%emt 0:00:45]} 42. Rxb2 {[%emt 0:00:04]} Qxb2 {[%emt 0:00:03]} 43. a6 {[%emt 0:00:05]} Qb8 {[%emt 0:01:09]} 44. a7 {[%emt 0:02:21]} Qa8+ {[%emt 0:00:01]} 45. f3 {[%emt 0:00:15]} Qd8 {[%emt 0:00:56]} 46. Qb7 {[%emt 0:08:00]} Qd2+ {[%emt 0:00:01]} 47. Kh3 {[%emt 0:00:22]} Qe2 {[%emt 0:00:30]} 48. a8=Q {[%emt 0:00:55]} Qf1+ {[%emt 0:00:12]} 49. Kh4 {[%emt 0:00:06]} Qxc4+ {[%emt 0:00:07]} 50. g4 {[%emt 0:03:41]} Kh6 {[%emt 0:01:55]} 51. Qaa6 {[%emt 0:02:50]} Bf6+ {[%emt 0:00:16]} 52. Qxf6 {[%emt 0:00:56]} Qxg4+ {[%emt 0:00:02]} 53. fxg4 {[%emt 0:00:07]} *

[Event "12th KIIT International 2019"]
[Site "Odisha"]
[Date "2019.06.03"]
[Round "5.4"]
[White "Koustav Chatterjee"]
[Black "Burmakin, Vladimir"]
[Result "*"]
[WhiteElo "2404"]
[BlackElo "2526"]
[Annotator "TA"]
[PlyCount "13"]
[EventDate "2019.05.31"]
[EventType "swiss"]
[EventCountry "IND"]
[SourceTitle "playchess.com"]
[Source "ChessBase"]
[SourceQuality "1"]

{[%evp 9,13,28,30,-1056,194,185]} 1. c4 c6 2. Nf3 d5 3. g3 Bf5 (3... g6 4. Bg2 Bg7 5. d4 Nf6 6. cxd5 cxd5 7. Ne5 O-O 8. Nc3 e6 9. O-O Nfd7 10. Nf3 Nf6 11. Ne5 Nfd7 12. Nf3 Nf6 13. Ne5 {½-½ (13) Jones,G (2681)-Artemiev,V (2736) Astana 2019}) 4. Qb3 Qb6 5. cxd5 Bxb1 6. Qb4 $146 {[%mdl 8192] [#] A11: English Opening: 1...c6} (6. Qxb6 $11 axb6 7. Rxb1) ({Predecessor:} 6. Qxb6 axb6 7. Rxb1 cxd5 8. a3 Nf6 9. d3 e6 10. Be3 Bc5 11. Rc1 {½-½ (34) Chatalbashev,B (2514)-Burmakin,V (2519) Ballerup 2019}) 6... Qb5 $4 {[%mdl 8192]} (6... Qxb4 $19 7. Rxb1 cxd5) 7. Qxb5 *

[Event "12th KIIT International 2019"]
[Site "Odisha"]
[Date "2019.06.03"]
[Round "5.4"]
[White "Koustav Chatterjee"]
[Black "Burmakin, Vladimir"]
[Result "1/2-1/2"]
[WhiteElo "2404"]
[BlackElo "2526"]
[Annotator "TA"]
[PlyCount "51"]
[EventDate "2019.05.31"]
[EventType "swiss"]
[EventCountry "IND"]
[SourceTitle "playchess.com"]
[Source "ChessBase"]
[SourceQuality "1"]

{[%evp 9,51,27,43,39,40,41,41,41,41,41,41,41,41,41,41,33,40,41,41,37,41,10,10,0,0,0,0,0,0,0,0,0,0,0,0,0,0,0,0,0,0,0,0,0]} 1. c4 c6 2. Nf3 d5 3. g3 Bf5 $146 (3... g6 4. Bg2 Bg7 5. d4 Nf6 6. cxd5 cxd5 7. Ne5 O-O 8. Nc3 e6 9. O-O Nfd7 10. Nf3 Nf6 11. Ne5 Nfd7 12. Nf3 Nf6 13. Ne5 {½-½ (13) Jones,G (2681)-Artemiev,V (2736) Astana 2019}) 4. Qb3 Qb6 5. cxd5 Bxb1 6. Qxb6 {A11: English Opening: 1...c6} axb6 7. Rxb1 cxd5 8. a3 {White is slightly better.} Nc6 9. d4 e6 10. e3 Bd6 11. Bd3 Nf6 12. Ke2 Ke7 13. Bd2 Rhc8 14. Rhc1 Na5 15. Bxa5 (15. Be1 {keeps more tension.} Nb3 16. Rc2 Ne4 17. Ne5 f5 18. f3) 15... bxa5 {The position is equal.} 16. a4 h6 17. Nd2 Bb4 18. Nb3 Nd7 19. Bb5 Nf6 20. Bd3 Nd7 21. Bb5 Nf6 22. Bd3 Nd7 23. Bb5 Nf6 24. Bd3 Nd7 25. Bb5 Nf6 26. Bd3 {Accuracy: White = 73%, Black = 93%.} 1/2-1/2

[Event "12th KIIT International 2019"]
[Site "Odisha"]
[Date "2019.06.03"]
[Round "5.5"]
[White "Manush Shah"]
[Black "Neverov, Valeriy"]
[Result "0-1"]
[WhiteElo "2385"]
[BlackElo "2495"]
[Annotator "ChessBase"]
[PlyCount "102"]
[EventDate "2019.05.31"]
[EventType "swiss"]
[EventCountry "IND"]
[SourceTitle "playchess.com"]
[Source "ChessBase"]
[SourceQuality "1"]
[TimeControl "5400+30"]

1. d4 {[%emt 0:00:00]} Nf6 {[%emt 0:00:00]} 2. Nf3 {[%emt 0:00:00]} g6 {[%emt 0:00:51]} 3. Nc3 {[%emt 0:00:00]} d5 {[%emt 0:03:47]} 4. Bf4 {[%emt 0:00:24]} c6 {[%emt 0:01:01]} 5. e3 {[%emt 0:00:11]} Bg7 {[%emt 0:00:32]} 6. Be2 {[%emt 0:00:07]} Bg4 {[%emt 0:04:33]} 7. h4 {[%emt 0:02:50]} Qa5 {[%emt 0:19:57]} 8. Ne5 {[%emt 0:04:38]} Bxe2 {[%emt 0:00:59]} 9. Qxe2 {[%emt 0:00:21]} Ne4 {[%emt 0:02:26]} 10. f3 {[%emt 0:03:17]} Nxc3 {[%emt 0:02:43]} 11. Qd2 {[%emt 0:02:05]} f6 {[%emt 0:11:22]} 12. Nd3 {[%emt 0:01:23]} Nd7 {[%emt 0:00:05]} 13. Qxc3 {[%emt 0:05:51]} Qxc3+ {[%emt 0:03:20]} 14. bxc3 {[%emt 0:00:11]} e5 {[%emt 0:03:28]} 15. Bg3 {[%emt 0:00:38]} Kf7 {[%emt 0:02:51]} 16. Rb1 {[%emt 0:03:53]} b6 {[%emt 0:00:34]} 17. h5 {[%emt 0:01:01]} Rhe8 {[%emt 0:00:52]} 18. hxg6+ {[%emt 0:02:13]} hxg6 {[%emt 0:00:13]} 19. Kd2 {[%emt 0:00:59]} b5 {[%emt 0:03:34]} 20. f4 {[%emt 0:07:41]} exd4 {[%emt 0:07:04]} 21. cxd4 {[%emt 0:03:43]} Nb6 {[%emt 0:00:08]} 22. Nb2 {[%emt 0:02:01]} f5 {[%emt 0:01:47]} 23. Bf2 {[%emt 0:07:57]} a5 {[%emt 0:09:23]} 24. c3 {[%emt 0:04:02]} Nc4+ {[%emt 0:03:16]} 25. Nxc4 {[%emt 0:00:55]} dxc4 {[%emt 0:00:05]} 26. Kc2 {[%emt 0:04:18]} Rh8 {[%emt 0:01:17]} 27. Rxh8 {[%emt 0:16:40]} Rxh8 {[%emt 0:00:30]} 28. d5 {[%emt 0:03:06]} cxd5 {[%emt 0:00:16]} 29. Rxb5 {[%emt 0:00:02]} Rh2 {[%emt 0:00:53]} 30. Rxd5 {[%emt 0:00:05]} Rxg2 {[%emt 0:00:12]} 31. Rd2 {[%emt 0:00:02]} a4 {[%emt 0:04:01]} 32. Bh4 {[%emt 0:02:27]} Rg4 {[%emt 0:07:22]} 33. Bd8 {[%emt 0:03:28]} Ke6 {[%emt 0:01:11]} 34. Bb6 {[%emt 0:03:46]} Bf8 {[%emt 0:03:03]} 35. Rd4 {[%emt 0:05:13]} Rg2+ {[%emt 0:00:20]} 36. Rd2 {[%emt 0:00:35]} Rg1 {[%emt 0:00:50]} 37. Rd1 {[%emt 0:04:54]} Rg3 {[%emt 0:00:24]} 38. Rd2 {[%emt 0:02:58]} a3 {[%emt 0:00:16]} 39. Bd4 {[%emt 0:01:00]} Be7 {[%emt 0:01:22]} 40. Bb6 {[%emt 0:00:59]} g5 {[%emt 0:00:23]} 41. fxg5 {[%emt 0:00:34]} Bxg5 {[%emt 0:00:12]} 42. Bc5 {[%emt 0:03:19]} Bxe3 {[%emt 0:01:40]} 43. Re2 {[%emt 0:00:31]} f4 {[%emt 0:00:05]} 44. Bxa3 {[%emt 0:01:42]} Kd5 {[%emt 0:00:36]} 45. Bc1 {[%emt 0:00:00]} Bxc1 {[%emt 0:00:51]} 46. Kxc1 {[%emt 0:00:00]} f3 {[%emt 0:00:04]} 47. Rf2 {[%emt 0:00:00]} Ke4 {[%emt 0:00:11]} 48. a4 {[%emt 0:00:00]} Rg1+ {[%emt 0:01:26]} 49. Kd2 {[%emt 0:00:00]} Rg2 {[%emt 0:00:06]} 50. Ke1 {[%emt 0:00:00]} Ke3 {[%emt 0:00:06]} 51. Rf1 {[%emt 0:00:00]} Ra2 {[%emt 0:00:14]} 0-1

[Event "12th KIIT International 2019"]
[Site "Odisha"]
[Date "2019.06.03"]
[Round "5.6"]
[White "Roy, Prantik"]
[Black "Vasquez Schroeder, Rodrigo"]
[Result "0-1"]
[WhiteElo "2365"]
[BlackElo "2476"]
[Annotator "TA"]
[PlyCount "56"]
[EventDate "2019.05.31"]
[EventType "swiss"]
[EventCountry "IND"]
[SourceTitle "playchess.com"]
[Source "ChessBase"]
[SourceQuality "1"]

{[%evp 9,56,27,33,34,34,32,63,-6,-2,0,10,0,0,0,0,0,0,0,2,6,12,18,25,-18,0,-15,-5,-9,-8,-106,-84,-207,-202,-255,-224,-252,-243,-245,-249,-232,-254,-242,-236,-230,-215,-29991,-29992,-29996,-29997]} 1. c4 e5 2. Nc3 Nf6 3. g3 c6 4. d4 e4 5. Bg5 (5. c5 b6 6. Bg5 bxc5 7. Nxe4 Qa5+ 8. Bd2 Qb6 9. dxc5 Bxc5 10. Nxc5 Qxc5 11. Bg2 Ng4 12. Nh3 {1-0 (24) Movsesian,S (2673)-Navara,D (2725) Prague 2016}) 5... Bb4 6. Qb3 {A23: English Opening: 1...e5 2 Nc3 Nf6 3 g3 c6} Bxc3+ 7. Qxc3 O-O 8. Bg2 (8. d5 $1 $14) 8... Re8 9. e3 $146 ({Predecessor:} 9. f3 exf3 10. Nxf3 d6 11. Bxf6 Qxf6 12. O-O Qe7 13. Rae1 Bg4 14. e4 Bxf3 15. Bxf3 {½-½ (15) Rat,D (2322)-Babula,V (2596) Germany 2007}) 9... d5 10. Ne2 dxc4 11. Bxf6 Qxf6 12. Qxc4 Bg4 13. Nf4 g5 14. h3 Bf3 15. Bxf3 {Threatens to win with Bh5.} gxf4 16. Bd1 f3 17. Bb3 a5 {[%cal Ba7a5,Ba5a4][%mdl 32]} 18. a3 Nd7 19. g4 (19. Rc1 $11) 19... b5 $1 $36 {[%cal Rb5c4][%mdl 2048] Keeping White busy.} 20. Qc2 {[#]} (20. Qc3 $17) 20... Rac8 $1 $19 21. Rc1 c5 22. Qd2 a4 23. Ba2 cxd4 24. Rxc8 Rxc8 25. exd4 Nf8 26. O-O {[#]} Ng6 $1 {[%cal Rg6f4] Strongly threatening ...Nf4.} 27. Re1 $2 (27. Rc1 $19 Rxc1+ 28. Qxc1) 27... Qh4 28. Kh2 {[#]} Nf4 $1 {[%mdl 512] Accuracy: White = 40%, Black = 88%.} 0-1

[Event "12th KIIT International 2019"]
[Site "Odisha"]
[Date "2019.06.03"]
[Round "5.7"]
[White "Sahoo, Utkal Ranjan"]
[Black "Shyaamnikhil P"]
[Result "0-1"]
[WhiteElo "2371"]
[BlackElo "2434"]
[Annotator "ChessBase"]
[PlyCount "114"]
[EventDate "2019.05.31"]
[EventType "swiss"]
[EventCountry "IND"]
[SourceTitle "playchess.com"]
[Source "ChessBase"]
[SourceQuality "1"]
[TimeControl "5400+30"]

1. d4 {[%emt 0:00:00]} Nf6 {[%emt 0:00:00]} 2. Bg5 {[%emt 0:00:00]} c5 {[%emt 0:01:13]} 3. d5 {[%emt 0:00:46]} Ne4 {[%emt 0:02:43]} 4. Bf4 {[%emt 0:00:32]} Qb6 {[%emt 0:09:57]} 5. Nd2 {[%emt 0:01:05]} Nxd2 {[%emt 0:04:32]} 6. Bxd2 {[%emt 0:00:09]} e5 {[%emt 0:05:38]} 7. dxe6 {[%emt 0:20:33]} dxe6 {[%emt 0:12:28]} 8. Bc3 {[%emt 0:01:44]} Nc6 {[%emt 0:03:44]} 9. Nf3 {[%emt 0:01:00]} Bd7 {[%emt 0:02:58]} 10. e3 {[%emt 0:03:59]} O-O-O {[%emt 0:02:58]} 11. a4 {[%emt 0:03:30]} Qc7 {[%emt 0:10:52]} 12. a5 {[%emt 0:03:58]} Be7 {[%emt 0:05:18]} 13. a6 {[%emt 0:04:33]} b6 {[%emt 0:00:24]} 14. Bb5 {[%emt 0:02:32]} Bf6 {[%emt 0:01:17]} 15. Qe2 {[%emt 0:05:42]} Bxc3+ {[%emt 0:02:58]} 16. bxc3 {[%emt 0:02:13]} Ne7 {[%emt 0:00:43]} 17. c4 {[%emt 0:02:35]} Bc6 {[%emt 0:02:12]} 18. O-O {[%emt 0:01:34]} f6 {[%emt 0:04:02]} 19. Ra3 {[%emt 0:16:07]} Rd6 {[%emt 0:02:40]} 20. e4 {[%emt 0:07:34]} Ng6 {[%emt 0:05:30]} 21. e5 {[%emt 0:08:06]} Bxf3 {[%emt 0:00:52]} 22. Rxf3 {[%emt 0:00:18]} Nxe5 {[%emt 0:03:40]} 23. Re3 {[%emt 0:00:12]} g5 {[%emt 0:04:27]} 24. f4 {[%emt 0:03:30]} gxf4 {[%emt 0:00:19]} 25. Rxf4 {[%emt 0:00:02]} Qd8 {[%emt 0:01:50]} 26. h3 {[%emt 0:03:57]} Rd1+ {[%emt 0:05:43]} 27. Kh2 {[%emt 0:01:53]} Rd2 {[%emt 0:01:56]} 28. Qf1 {[%emt 0:01:14]} Rg8 {[%emt 0:00:13]} 29. Re2 {[%emt 0:00:59]} Rxe2 {[%emt 0:02:09]} 30. Qxe2 {[%emt 0:00:02]} Qc7 {[%emt 0:00:17]} 31. Qe4 {[%emt 0:01:48]} f5 {[%emt 0:00:41]} 32. Qa8+ {[%emt 0:02:25]} Qb8 {[%emt 0:00:05]} 33. Qxb8+ {[%emt 0:00:24]} Kxb8 {[%emt 0:00:06]} 34. g4 {[%emt 0:01:24]} fxg4 {[%emt 0:00:33]} 35. hxg4 {[%emt 0:00:02]} Kc7 {[%emt 0:00:29]} 36. Kh3 {[%emt 0:00:30]} Kd6 {[%emt 0:00:15]} 37. Re4 {[%emt 0:00:29]} Rf8 {[%emt 0:00:26]} 38. Re2 {[%emt 0:00:53]} Rf4 {[%emt 0:00:45]} 39. g5 {[%emt 0:00:26]} Rd4 {[%emt 0:01:36]} 40. Re1 {[%emt 0:00:47]} Nf3 {[%emt 0:00:19]} 41. Rf1 {[%emt 0:00:25]} Nxg5+ {[%emt 0:00:09]} 42. Kg3 {[%emt 0:00:05]} Ke7 {[%emt 0:00:25]} 43. Rh1 {[%emt 0:00:16]} Ne4+ {[%emt 0:01:05]} 44. Kf3 {[%emt 0:00:20]} Nf6 {[%emt 0:00:04]} 45. Ke3 {[%emt 0:00:34]} h5 {[%emt 0:00:20]} 46. c3 {[%emt 0:00:26]} Rg4 {[%emt 0:00:17]} 47. Kd3 {[%emt 0:00:09]} h4 {[%emt 0:01:13]} 48. Bc6 {[%emt 0:00:11]} Rg3+ {[%emt 0:00:04]} 49. Ke2 {[%emt 0:00:22]} Rg4 {[%emt 0:00:25]} 50. Bf3 {[%emt 0:00:12]} Rxc4 {[%emt 0:00:39]} 51. Kd3 {[%emt 0:00:34]} Rf4 {[%emt 0:00:29]} 52. Ke3 {[%emt 0:01:11]} Ra4 {[%emt 0:00:25]} 53. Be2 {[%emt 0:00:34]} Nd5+ {[%emt 0:00:12]} 54. Kf3 {[%emt 0:00:52]} Nxc3 {[%emt 0:00:26]} 55. Bd3 {[%emt 0:00:08]} Nd5 {[%emt 0:00:32]} 56. Bb5 {[%emt 0:01:28]} Rf4+ {[%emt 0:00:14]} 57. Kg2 {[%emt 0:00:12]} c4 {[%emt 0:01:03]} 0-1

[Event "12th KIIT International 2019"]
[Site "Odisha"]
[Date "2019.06.03"]
[Round "5.8"]
[White "Muthaiah AL"]
[Black "Viani Antonio Dcunha"]
[Result "1/2-1/2"]
[WhiteElo "2427"]
[BlackElo "2362"]
[Annotator "TA"]
[PlyCount "58"]
[EventDate "2019.05.31"]
[EventType "swiss"]
[EventCountry "IND"]
[SourceTitle "playchess.com"]
[Source "ChessBase"]
[SourceQuality "1"]

{[%evp 15,58,18,36,32,42,24,31,35,48,40,33,34,27,32,36,28,27,15,25,0,6,1,38,0,0,0,0,-4,0,0,0,0,0,-9,-6,-14,-13,-14,-14,-14,-14,-15,-4,-12,-4]} 1. Nf3 g6 2. d4 Nf6 3. g3 Bg7 4. c4 d6 5. Bg2 O-O 6. O-O Nc6 7. Nc3 a6 8. Qd3 Nd7 9. b3 {E63: King's Indian: Fianchetto: Panno Variation with 7...a6} (9. Be3 Rb8 10. Qd2 b5 11. cxb5 axb5 12. Rac1 b4 13. Nd5 Bb7 14. Bg5 Re8 15. Rfd1 Ba8 16. b3 Rb5 17. e4 Qb8 {0-1 (35) Mareco,S (2583)-Flores,D (2602) Buenos Aires 2011}) 9... e5 {[%cal Re5d4]} 10. dxe5 (10. Bg5 {seems wilder.} Qe8 11. dxe5 dxe5 12. Qd2 Nc5 13. Rad1) 10... Ndxe5 11. Nxe5 {White is slightly better.} Nxe5 12. Qd2 Rb8 13. Bb2 b5 14. cxb5 axb5 15. Nd5 {[%cal Bc3d5,Bd5b4,Bb4c6][%mdl 32]} c6 $146 ({Predecessor:} 15... Be6 16. f4 Bxd5 17. Bxd5 {½-½ (43) Nugel,K (2057)-Klein,R (1968) Hamburg 2011}) 16. Nb4 {aiming for Bxe5.} c5 $1 {[%cal Rc5b4]} 17. Bxe5 Bxe5 18. Nc6 $1 {[%csl LRb8,LRd8][%mdl 64] [#] Double Attack} Qf6 $1 19. Rac1 (19. Rad1 $5 {[%cal Rc6b8]} Rb6 20. Nxe5 Qxe5 21. e4 $11) 19... Rb6 {The position is equal.} 20. Rfd1 b4 21. f4 Bc3 22. Qxd6 Qxd6 23. Rxd6 {[#] Ne7+ is the strong threat.} Kg7 24. Rdd1 Bg4 25. Kf2 Re8 26. Ne5 Bxe5 27. fxe5 Rxe5 28. Bf3 Rf6 29. Rd2 h5 {Accuracy: White = 47%, Black = 78%.} 1/2-1/2

[Event "12th KIIT International 2019"]
[Site "Odisha"]
[Date "2019.06.03"]
[Round "5.9"]
[White "Vatsal Singhania"]
[Black "Manik, Mikulas"]
[Result "1/2-1/2"]
[WhiteElo "2183"]
[BlackElo "2399"]
[Annotator "TA"]
[PlyCount "64"]
[EventDate "2019.05.31"]
[EventType "swiss"]
[EventCountry "IND"]
[SourceTitle "playchess.com"]
[Source "ChessBase"]
[SourceQuality "1"]

{[%evp 12,64,24,25,45,32,34,50,46,25,31,29,42,56,72,70,69,77,114,59,121,34,57,3,7,8,55,0,6,7,22,24,86,80,81,72,91,69,84,56,76,76,74,81,90,76,70,12,86,0,0,0,0,0,0]} 1. e4 c5 2. Nf3 d6 3. d4 cxd4 4. Nxd4 Nf6 5. Nc3 a6 6. Be2 Nbd7 7. Be3 Qc7 {B92: Sicilian Najdorf: 6 Be2} 8. a4 g6 9. O-O Bg7 {White is slightly better.} 10. a5 O-O 11. Nd5 Nxd5 12. exd5 b5 $146 {[#]} ({Predecessor:} 12... Ne5 13. c4 e6 14. dxe6 fxe6 15. Qd2 Bd7 16. Rac1 Rae8 17. b4 Qb8 {1-0 (37) Belotti,B (2420)-King,D (2530) Switzerland 1998}) 13. axb6 $1 Nxb6 14. c4 $1 Bd7 {[#]} 15. b3 (15. Qe1 $1 $16) 15... Rfb8 (15... a5 $14) 16. Rc1 ({White should play} 16. Qe1 $16) 16... a5 $14 17. Nc6 (17. Qd2 $14) 17... Bxc6 $11 18. dxc6 a4 19. Bxb6 (19. b4 {is more complex.} a3 20. b5 a2 21. Bd4 Bxd4 22. Qxd4 Ra4 23. Qa1) 19... Rxb6 {[%mdl 64] Double Attack} 20. bxa4 Rb4 21. c5 Raxa4 ({Wrong is} 21... Qxc6 $2 22. Bf3 $18) (21... dxc5 $11 22. Rxc5 Be5) 22. cxd6 $16 exd6 23. Bf3 Be5 24. g3 Kg7 25. Rb1 h5 26. Qd2 Rd4 27. Qe2 Rdb4 28. Rxb4 Rxb4 29. h4 (29. Kg2 $14) 29... Rb2 (29... Qa7 $11 {remains equal.}) 30. Qd3 ({Better is} 30. Qe3 $16) 30... Qb6 $11 {Threatens to win with ...Bxg3.The position is equal.} 31. Bd5 Qc5 32. Qf3 f5 {Accuracy: White = 34%, Black = 41%.} 1/2-1/2